[Event "2. Open Fincas Mediterranea"]
[Site "Castelldefels ESP"]
[Date "2005.08.18"]
[Round "2.10"]
[White "Giraud, Sylvain"]
[Black "Hernando Rodrigo, Jose Maria"]
[Result "0-1"]
[WhiteElo "2015"]
[BlackElo "2351"]
[PlyCount "74"]
[EventDate "2005.08.17"]
[EventType "swiss"]
[EventRounds "9"]
[EventCountry "ESP"]
[Source "lmi"]
[SourceDate "2005.08.25"]

1. e4 d5 2. exd5 Qxd5 3. Nc3 Qa5 4. Bc4 Nf6 5. h3 a6 6. d4 b5 7. Bb3 Bb7 8. Nf3
c5 9. dxc5 e6 10. O-O Bxc5 11. Bg5 Nbd7 12. Qe2 O-O 13. a3 Qc7 14. Rad1 Bxa3
15. Nxb5 axb5 16. bxa3 Rxa3 17. Bc1 Raa8 18. Rfe1 Nc5 19. Qxb5 Bxf3 20. gxf3
Nxb3 21. Qxb3 Rfc8 22. Re2 Nd5 23. c4 Rab8 24. Qd3 Qxc4 25. Qxc4 Rxc4 26. Rb2
Rxb2 27. Bxb2 f6 28. Bd4 Nf4 29. Kh2 Kf7 30. Be3 Nd5 31. Kg2 Kg6 32. Kg3 Ne7
33. f4 Nd5 34. Kf3 Kf5 35. Rg1 g5 36. Rd1 h5 37. h4 Nxf4 0-1

[Event "2. Open Fincas Mediterranea"]
[Site "Castelldefels ESP"]
[Date "2005.08.18"]
[Round "2.11"]
[White "Purnama, Tirta Chandra"]
[Black "Garcia Clemente, Julian F"]
[Result "1-0"]
[WhiteElo "2337"]
[BlackElo "2019"]
[PlyCount "61"]
[EventDate "2005.08.17"]
[EventType "swiss"]
[EventRounds "9"]
[EventCountry "ESP"]
[Source "lmi"]
[SourceDate "2005.08.25"]

1. d4 Nf6 2. c4 g6 3. Nf3 Bg7 4. Nc3 d6 5. Bf4 c6 6. h3 Qa5 7. Qd2 Nbd7 8. e4
e5 9. Be3 O-O 10. Be2 Kh8 11. g4 a6 12. dxe5 dxe5 13. O-O-O b5 14. a3 b4 15.
axb4 Qxb4 16. Qd6 a5 17. Rd2 Ba6 18. g5 Bxc4 19. gxf6 Nxf6 20. Bxc4 Qxc4 21.
Nxe5 Qb3 22. Rhd1 a4 23. Qa3 Qe6 24. Nd7 Nxd7 25. Rxd7 Rfb8 26. Bd4 Bxd4 27.
R7xd4 Qxh3 28. Qc5 Qh6+ 29. Kc2 Qh2 30. Rd7 Kg7 31. Rxf7+ 1-0

[Event "2. Open Fincas Mediterranea"]
[Site "Castelldefels ESP"]
[Date "2005.08.18"]
[Round "2.12"]
[White "Dubois, Martine"]
[Black "Halay, Taufik"]
[Result "0-1"]
[WhiteElo "2014"]
[BlackElo "2320"]
[PlyCount "66"]
[EventDate "2005.08.17"]
[EventType "swiss"]
[EventRounds "9"]
[EventCountry "ESP"]
[Source "lmi"]
[SourceDate "2005.08.25"]

1. e4 c5 2. Nf3 Nc6 3. c3 Nf6 4. e5 Nd5 5. d4 cxd4 6. cxd4 e6 7. Nc3 Nxc3 8.
bxc3 d5 9. Bd3 Be7 10. O-O Na5 11. Nd2 Qc7 12. Bb2 Bd7 13. Qe2 Rb8 14. a4 Bc6
15. Ba3 Bxa3 16. Rxa3 Qe7 17. Rfa1 Rc8 18. f4 g6 19. Qg4 Bd7 20. Qh3 Rc7 21. g3
O-O 22. c4 dxc4 23. Ne4 f5 24. exf6 Rxf6 25. Nxf6+ Qxf6 26. Be2 Qxd4+ 27. Kf1
c3 28. Rd1 c2 29. Rxd4 c1=Q+ 30. Bd1 Qxa3 31. Rxd7 Rxd7 32. Qxe6+ Rf7 33. Qe8+
Qf8 0-1

[Event "2. Open Fincas Mediterranea"]
[Site "Castelldefels ESP"]
[Date "2005.08.18"]
[Round "2.13"]
[White "Rios, Alejandro"]
[Black "Sanjuan Morigosa, Isaura"]
[Result "1-0"]
[WhiteElo "2282"]
[BlackElo "2003"]
[PlyCount "49"]
[EventDate "2005.08.17"]
[EventType "swiss"]
[EventRounds "9"]
[EventCountry "ESP"]
[Source "lmi"]
[SourceDate "2005.08.25"]

1. e4 d5 2. exd5 Qxd5 3. c4 Qd8 4. d4 Nf6 5. Nc3 e6 6. Nf3 Be7 7. Bd3 b6 8. O-O
Bb7 9. b3 c5 10. Bb2 cxd4 11. Nb5 Nc6 12. Nbxd4 Nxd4 13. Nxd4 O-O 14. Qe2 Qc7
15. Rfe1 Bc5 16. Rad1 e5 17. Qxe5 Bd6 18. Qg5 Bxh2+ 19. Kf1 Bf4 20. Qh4 Rfe8
21. Nb5 Qc6 22. f3 Rxe1+ 23. Rxe1 Qd7 24. Rd1 g5 25. Qh6 1-0

[Event "2. Open Fincas Mediterranea"]
[Site "Castelldefels ESP"]
[Date "2005.08.18"]
[Round "2.14"]
[White "Pacheco Madueno, Joan"]
[Black "Lerch Gallemi, Jose Maria"]
[Result "0-1"]
[WhiteElo "2004"]
[BlackElo "2267"]
[PlyCount "50"]
[EventDate "2005.08.17"]
[EventType "swiss"]
[EventRounds "9"]
[EventCountry "ESP"]
[Source "lmi"]
[SourceDate "2005.08.25"]

1. e4 e5 2. Nf3 Qe7 3. Bc4 d6 4. d4 h6 5. h3 Nf6 6. O-O c6 7. Nc3 g5 8. g4 Bg7
9. dxe5 dxe5 10. a3 Nh7 11. Be3 Be6 12. Qe2 Nf8 13. Rad1 Ng6 14. Bxe6 fxe6 15.
Rd2 Nd7 16. Rfd1 Rd8 17. Qc4 O-O 18. Ne1 Nf4 19. Kh2 h5 20. Bxf4 exf4 21. Rd6
Ne5 22. Qxe6+ Qxe6 23. Rxe6 Rxd1 24. Nxd1 Rd8 25. Nc3 Kf7 0-1

[Event "2. Open Fincas Mediterranea"]
[Site "Castelldefels ESP"]
[Date "2005.08.18"]
[Round "2.15"]
[White "Raineri, Pablo"]
[Black "Parayre Soguero, Jodri"]
[Result "1-0"]
[WhiteElo "2241"]
[BlackElo "1997"]
[PlyCount "54"]
[EventDate "2005.08.17"]
[EventType "swiss"]
[EventRounds "9"]
[EventCountry "ESP"]
[Source "lmi"]
[SourceDate "2005.08.25"]

1. Nf3 Nf6 2. c4 g6 3. Nc3 Bg7 4. g3 O-O 5. Bg2 c6 6. e4 d5 7. cxd5 cxd5 8. e5
Ng4 9. d4 Nc6 10. Nh4 Qb6 11. h3 Ngxe5 12. dxe5 d4 13. Nd5 Qc5 14. Bg5 h6 15.
Rc1 Qa5+ 16. Bd2 Qxa2 17. Nc7 Rb8 18. Bd5 Qxb2 19. Rb1 Qa3 20. Rb3 Qa4 21. Nxg6
Nxe5 22. Nxf8 Kxf8 23. O-O Bxh3 24. Re1 Bg4 25. Qc1 Nf3+ 26. Rxf3 Bxf3 27. Bxf3
Qd7 1-0

[Event "2. Open Fincas Mediterranea"]
[Site "Castelldefels ESP"]
[Date "2005.08.18"]
[Round "2.16"]
[White "Diaz Moron, Agustin"]
[Black "Marin, Irina Luiza"]
[Result "0-1"]
[WhiteElo "1992"]
[BlackElo "2224"]
[PlyCount "88"]
[EventDate "2005.08.17"]
[EventType "swiss"]
[EventRounds "9"]
[EventCountry "ESP"]
[Source "lmi"]
[SourceDate "2005.08.25"]

1. d4 d6 2. e4 Nf6 3. Nc3 g6 4. f4 Bg7 5. Nf3 O-O 6. Bd3 Na6 7. O-O c5 8. d5
Bg4 9. h3 Bxf3 10. Qxf3 Nb4 11. a3 Nxd3 12. Qxd3 Nd7 13. Be3 Rc8 14. Rad1 Qa5
15. Bd2 Qb6 16. Na4 Qc7 17. Nc3 a6 18. Rb1 b5 19. Ne2 c4 20. Qf3 e6 21. dxe6
fxe6 22. Bc3 Nc5 23. Bxg7 Qxg7 24. Nc3 Qb7 25. Rbd1 Rcd8 26. Qe3 a5 27. Rd4 b4
28. axb4 axb4 29. Ne2 d5 30. exd5 exd5 31. Ng3 Rde8 32. Qd2 Ne6 33. Rxd5 Nxf4
34. Rd7 Re2 35. Rxb7 Rxd2 36. Kh1 Rxc2 37. Rxb4 Nxg2 38. Rxf8+ Kxf8 39. Rb8+
Ke7 40. Rb7+ Ke6 41. Ne4 Ne1 42. Ng5+ Kd5 43. Nxh7 Nf3 44. Nf6+ Kc6 0-1

[Event "2. Open Fincas Mediterranea"]
[Site "Castelldefels ESP"]
[Date "2005.08.18"]
[Round "2.17"]
[White "Navarro Perez, Juan Carles"]
[Black "Martin Canfran, Ruben"]
[Result "1-0"]
[WhiteElo "1985"]
[BlackElo "2202"]
[PlyCount "71"]
[EventDate "2005.08.17"]
[EventType "swiss"]
[EventRounds "9"]
[EventCountry "ESP"]
[Source "lmi"]
[SourceDate "2005.08.25"]

1. b3 Nf6 2. Bb2 d5 3. e3 Bf5 4. f4 e6 5. Nf3 Be7 6. Nc3 O-O 7. d3 h6 8. Qd2 c5
9. h3 Nc6 10. O-O-O d4 11. Ne2 dxe3 12. Qxe3 Qa5 13. Nc3 b5 14. g4 Bg6 15. Ne5
Nxe5 16. Qxe5 Rad8 17. g5 hxg5 18. fxg5 b4 19. Na4 Bd6 20. Qe1 Nd5 21. h4 Bh5
22. Be2 Bf4+ 23. Kb1 Bxe2 24. Qxe2 Nc3+ 25. Bxc3 bxc3 26. g6 e5 27. Qe1 Bd2 28.
Qxe5 Rd4 29. gxf7+ Rxf7 30. Rhf1 Rdf4 31. Rxf4 Rxf4 32. Rg1 Rf7 33. Qe8+ Rf8
34. Qe6+ Rf7 35. Rf1 Qc7 36. Qe8+ 1-0

[Event "2. Open Fincas Mediterranea"]
[Site "Castelldefels ESP"]
[Date "2005.08.18"]
[Round "2.18"]
[White "Avila Jimenez, Javier"]
[Black "Lopez Artigas, Sergio"]
[Result "1-0"]
[WhiteElo "2194"]
[BlackElo "1993"]
[PlyCount "53"]
[EventDate "2005.08.17"]
[EventType "swiss"]
[EventRounds "9"]
[EventCountry "ESP"]
[Source "lmi"]
[SourceDate "2005.08.25"]

1. d4 c5 2. d5 d6 3. c4 g6 4. e4 Bg7 5. f4 e6 6. Nf3 Ne7 7. Nc3 O-O 8. Be2 Na6
9. O-O Nc7 10. e5 exd5 11. cxd5 b5 12. Ne4 Bf5 13. exd6 Re8 14. dxc7 Bd4+ 15.
Qxd4 cxd4 16. cxd8=Q Rexd8 17. Bd3 Nxd5 18. Nxd4 Nb4 19. Nf6+ Kg7 20. Bxf5 Kxf6
21. Nc2 Nxc2 22. Bxc2 Rac8 23. Be4 Rd4 24. Bf3 Rc2 25. Be3 Rd8 26. Rad1 Rdc8
27. Bxa7 1-0

[Event "2. Open Fincas Mediterranea"]
[Site "Castelldefels ESP"]
[Date "2005.08.18"]
[Round "2.19"]
[White "Eguia Cambero, Ignacio"]
[Black "Kluss, Kai"]
[Result "0-1"]
[WhiteElo "1971"]
[BlackElo "2192"]
[PlyCount "116"]
[EventDate "2005.08.17"]
[EventType "swiss"]
[EventRounds "9"]
[EventCountry "ESP"]
[Source "lmi"]
[SourceDate "2005.08.25"]

1. e4 c5 2. Nf3 Nc6 3. d4 cxd4 4. Nxd4 Nf6 5. Nc3 d6 6. f3 e5 7. Nb3 Be6 8. Be3
Be7 9. Be2 O-O 10. O-O Nh5 11. Qd2 Nf4 12. Bxf4 exf4 13. Nd5 Bg5 14. Rad1 Bxd5
15. Qxd5 Bf6 16. c3 Qb6+ 17. Kh1 Be5 18. Qb5 Qc7 19. Nd4 g6 20. Qd3 a6 21. Qd2
Rac8 22. Nxc6 Qxc6 23. Qd5 Qc7 24. Rd2 b5 25. Rfd1 Qb6 26. Qb3 Rc5 27. a4 Rb8
28. axb5 axb5 29. Ra1 Qc7 30. Qb4 Qe7 31. Ra5 Qh4 32. Rd1 Qf2 33. Rxb5 Rcxb5
34. Bxb5 Qb6 35. c4 Ra8 36. Qb3 Kg7 37. Qc2 Ra2 38. Rb1 Qe3 39. Qd1 Bxb2 40.
Qg1 Bd4 41. Qc1 Rf2 42. Qe1 Bc3 43. Qg1 Bd4 44. Qe1 Re2 45. Qf1 Bc5 46. Ra1 Rf2
47. Qe1 Qd4 48. Rd1 Qb2 49. Rb1 Qd4 50. Rd1 Qe3 51. Rb1 h5 52. Ra1 Qd4 53. Rd1
Qf6 54. Rb1 Qg5 55. Qc3+ Kh7 56. Rg1 h4 57. Bd7 Re2 58. Qc1 Bxg1 0-1

[Event "2. Open Fincas Mediterranea"]
[Site "Castelldefels ESP"]
[Date "2005.08.19"]
[Round "3.2"]
[White "Rodriguez Vega, Blas"]
[Black "Hamdouchi, Hichem"]
[Result "0-1"]
[WhiteElo "2166"]
[BlackElo "2567"]
[PlyCount "84"]
[EventDate "2005.08.17"]
[EventType "swiss"]
[EventRounds "9"]
[EventCountry "ESP"]
[Source "lmi"]
[SourceDate "2005.08.25"]

1. e4 c5 2. Nf3 Nc6 3. d4 cxd4 4. Nxd4 Qb6 5. Nb3 Nf6 6. Nc3 e6 7. Be3 Qc7 8.
Bd3 a6 9. O-O b5 10. a3 Bb7 11. f4 d6 12. Qe2 Be7 13. Rad1 O-O 14. g4 b4 15.
axb4 Nxb4 16. g5 Nd7 17. Rf3 Rfe8 18. Rh3 g6 19. Qf2 Nxd3 20. Rxd3 h5 21. gxh6
Kh7 22. Nd2 Rg8 23. Nf3 f6 24. Rg3 Raf8 25. Qd2 Rd8 26. Qf2 Qa5 27. Qe1 Qb4 28.
b3 Rc8 29. Qd2 Bxe4 30. Nxe4 Qxe4 31. Bd4 Qf5 32. Nh4 Qh5 33. Ng2 Nc5 34. Bxc5
Qxc5+ 35. Ne3 f5 36. Kf1 g5 37. Rf3 gxf4 38. Rxf4 Qc6 39. Rf2 Qh1+ 40. Ke2 d5
41. Qd1 Rg1 42. Nf1 Qe4+ 0-1

[Event "2. Open Fincas Mediterranea"]
[Site "Castelldefels ESP"]
[Date "2005.08.19"]
[Round "3.3"]
[White "Crickmore, Neil EG"]
[Black "Marin, Mihail"]
[Result "0-1"]
[WhiteElo "2129"]
[BlackElo "2537"]
[PlyCount "114"]
[EventDate "2005.08.17"]
[EventType "swiss"]
[EventRounds "9"]
[EventCountry "ESP"]
[Source "lmi"]
[SourceDate "2005.08.25"]

1. d4 Nf6 2. c4 c5 3. d5 e5 4. Nc3 d6 5. e4 Be7 6. Bd3 Nbd7 7. h3 a6 8. Nf3 O-O
9. g4 b5 10. cxb5 axb5 11. Bxb5 Qa5 12. Nd2 Nb6 13. O-O Bd7 14. Nc4 Qa7 15.
Bxd7 Nfxd7 16. Nxb6 Qxb6 17. b3 Rfe8 18. Qc2 Nf8 19. Rb1 Ng6 20. Be3 Qa5 21. a4
Rec8 22. Rfc1 h6 23. Kh2 Bg5 24. Nb5 Qd8 25. Na3 Qf6 26. Bxg5 hxg5 27. Qd2 Rcb8
28. Qe3 Nf4 29. Nc4 g6 30. a5 Kg7 31. Rg1 Rh8 32. Rg3 Rh7 33. Rh1 Rah8 34. Kg1
Qd8 35. Kf1 Qb8 36. Qc3 Kf6 37. Ke1 Ke7 38. Kd2 Qb5 39. Qf3 Qb4+ 40. Kc2 Kd7
41. Ra1 Rxh3 42. Rxh3 Rxh3 43. Qxh3 Nxh3 44. a6 Nxf2 45. a7 Nxe4 46. a8=Q Qc3+
47. Kd1 Qxb3+ 48. Ke1 Qg3+ 49. Kd1 Qd3+ 50. Ke1 Qc3+ 51. Kd1 Qf3+ 52. Kc1 Qf1+
53. Kb2 Qe2+ 54. Kb3 Qd3+ 55. Ka4 Qxc4+ 56. Ka5 Qc3+ 57. Kb6 Qb2+ 0-1

[Event "2. Open Fincas Mediterranea"]
[Site "Castelldefels ESP"]
[Date "2005.08.19"]
[Round "3.4"]
[White "Megaranto, Susanto"]
[Black "Maleki, Manuel"]
[Result "1-0"]
[WhiteElo "2499"]
[BlackElo "2119"]
[PlyCount "109"]
[EventDate "2005.08.17"]
[EventType "swiss"]
[EventRounds "9"]
[EventCountry "ESP"]
[Source "lmi"]
[SourceDate "2005.08.25"]

1. e4 e5 2. Nf3 Nf6 3. Nc3 Nc6 4. d4 Bb4 5. d5 Nb8 6. Bd3 Bxc3+ 7. bxc3 d6 8.
h3 O-O 9. O-O Nbd7 10. Bg5 Re8 11. Rb1 h6 12. Bh4 g5 13. Nxg5 hxg5 14. Bxg5 Nf8
15. f4 N8h7 16. Bh4 Kg7 17. Qf3 Qe7 18. Qg3+ Kh8 19. fxe5 Nh5 20. Bxe7 Nxg3 21.
Rxf7 dxe5 22. Bh4 Nh5 23. Rxc7 Rg8 24. Kh2 Nf4 25. Bg3 Rg7 26. Rxg7 Kxg7 27.
Bxf4 exf4 28. e5 b6 29. Rf1 Bb7 30. d6 Bd5 31. Rxf4 Be6 32. c4 Nf8 33. Rf6 Rc8
34. Kg3 Rc5 35. Kf4 Bd7 36. h4 Ne6+ 37. Ke4 Ra5 38. g4 Nc5+ 39. Kd4 Ne6+ 40.
Kc3 Rxe5 41. g5 Nf8 42. Rf1 Re6 43. c5 bxc5 44. Bc4 Re3+ 45. Kd2 Rh3 46. Rf7+
Kg6 47. Rxf8 Rxh4 48. Rg8+ Kf5 49. Bd3+ Ke5 50. Rd8 Bc6 51. g6 Kd4 52. c3+ Ke5
53. g7 Rh2+ 54. Be2 Bf3 55. Re8+ 1-0

[Event "2. Open Fincas Mediterranea"]
[Site "Castelldefels ESP"]
[Date "2005.08.19"]
[Round "3.6"]
[White "Milov, Leonid"]
[Black "Castells Briones, Miquel"]
[Result "1-0"]
[WhiteElo "2482"]
[BlackElo "2101"]
[PlyCount "125"]
[EventDate "2005.08.17"]
[EventType "swiss"]
[EventRounds "9"]
[EventCountry "ESP"]
[Source "lmi"]
[SourceDate "2005.08.25"]

1. e4 e6 2. d4 d5 3. Nd2 c5 4. Ngf3 Nf6 5. e5 Nfd7 6. c4 Nb6 7. Bd3 cxd4 8. O-O
Nc6 9. a3 a5 10. cxd5 Nxd5 11. Nc4 Be7 12. Qe2 h6 13. Qe4 Rb8 14. Qg4 Kf8 15.
Nxd4 Nxd4 16. Qxd4 b6 17. Rd1 Bb7 18. Qg4 h5 19. Qe2 Bc5 20. Re1 Qh4 21. Be4
Ba6 22. g3 Qh3 23. Bg2 Qf5 24. b3 Nc3 25. Qf3 Qxf3 26. Bxf3 Bxc4 27. bxc4 h4
28. Bd2 hxg3 29. hxg3 Bd4 30. Rac1 Na4 31. Rb1 Ke7 32. Bg5+ f6 33. Bf4 Bxe5 34.
Bxe5 fxe5 35. Rxe5 Nc5 36. Kg2 Kf6 37. Re3 Rhd8 38. Be2 Rd2 39. f4 Na4 40. Rb5
Rbd8 41. Kf3 Ra2 42. c5 Nxc5 43. Rxb6 Rc2 44. Rc6 Rd5 45. Kg4 Rdd2 46. Re5 Rxe2
47. Rxe2 Rxe2 48. Rxc5 Ra2 49. Rxa5 Ra1 50. Ra6 Rf1 51. a4 Rf2 52. a5 Rf1 53.
Rb6 Rf2 54. a6 Rf1 55. Kh3 Ra1 56. g4 Ra4 57. Kg3 Ra3+ 58. Kf2 Ra4 59. Ke3 Ra3+
60. Kd4 Ra4+ 61. Kc5 Rxf4 62. Rb4 Rf1 63. Kb6 1-0

[Event "2. Open Fincas Mediterranea"]
[Site "Castelldefels ESP"]
[Date "2005.08.19"]
[Round "3.11"]
[White "Vals Melero, Armando"]
[Black "Rios, Alejandro"]
[Result "0-1"]
[WhiteElo "2060"]
[BlackElo "2282"]
[PlyCount "74"]
[EventDate "2005.08.17"]
[EventType "swiss"]
[EventRounds "9"]
[EventCountry "ESP"]
[Source "lmi"]
[SourceDate "2005.08.25"]

1. e4 e5 2. Nf3 Nc6 3. Bb5 a6 4. Ba4 d6 5. c3 Nge7 6. h3 Ng6 7. d4 Bd7 8. O-O
Be7 9. Re1 O-O 10. Nbd2 Qe8 11. Nf1 Nxd4 12. Bxd7 Nxf3+ 13. Qxf3 Qxd7 14. Ng3
Qd8 15. Be3 Bg5 16. Nf5 Bxe3 17. Nxe3 Qg5 18. Rad1 Rad8 19. Rd3 Nh4 20. Qg4
Qxg4 21. hxg4 Ng6 22. g3 Ne7 23. Red1 f6 24. Kg2 Kf7 25. f3 Rd7 26. Nc4 Rfd8
27. g5 d5 28. gxf6 Kxf6 29. Ne3 d4 30. f4 exf4 31. gxf4 Ng6 32. Ng4+ Ke7 33.
Rxd4 Nxf4+ 34. Kf3 Ne6 35. Rd5 c6 36. Rxd7+ Rxd7 37. Rh1 Rd2 0-1

[Event "2. Open Fincas Mediterranea"]
[Site "Castelldefels ESP"]
[Date "2005.08.19"]
[Round "3.12"]
[White "Lerch Gallemi, Jose Maria"]
[Black "Escanes Garcia, David"]
[Result "1-0"]
[WhiteElo "2267"]
[BlackElo "2020"]
[PlyCount "55"]
[EventDate "2005.08.17"]
[EventType "swiss"]
[EventRounds "9"]
[EventCountry "ESP"]
[Source "lmi"]
[SourceDate "2005.08.25"]

1. e4 e5 2. Bc4 Nf6 3. d3 d5 4. exd5 Nxd5 5. Nf3 Bg4 6. h3 Bxf3 7. Qxf3 c6 8.
O-O Nf6 9. Re1 Qa5 10. Bd2 Qc5 11. b4 Qd6 12. Bc3 Nbd7 13. d4 e4 14. Nd2 O-O-O
15. Nxe4 Nxe4 16. Qxe4 Nf6 17. Qf5+ Qd7 18. Qa5 Bd6 19. Qxa7 Bb8 20. Qc5 Qc7
21. Qf5+ Rd7 22. g3 h5 23. Bxf7 h4 24. Re3 hxg3 25. fxg3 Ne4 26. Be6 Nxg3 27.
Bxd7+ Kd8 28. Qg5+ 1-0

[Event "2. Open Fincas Mediterranea"]
[Site "Castelldefels ESP"]
[Date "2005.08.19"]
[Round "3.13"]
[White "Raineri, Pablo"]
[Black "Navarro Perez, Juan Carles"]
[Result "1-0"]
[WhiteElo "2241"]
[BlackElo "1985"]
[PlyCount "49"]
[EventDate "2005.08.17"]
[EventType "swiss"]
[EventRounds "9"]
[EventCountry "ESP"]
[Source "lmi"]
[SourceDate "2005.08.25"]

1. Nf3 d5 2. d4 Nf6 3. c4 g6 4. cxd5 Qxd5 5. Nc3 Qa5 6. Bd2 Bg7 7. e4 c6 8. Bc4
Qd8 9. Qb3 e6 10. e5 Nd5 11. Ne4 O-O 12. O-O Qb6 13. Qa3 a5 14. Rab1 Na6 15.
Bxa5 Qa7 16. Bd2 b5 17. Bxd5 exd5 18. Nf6+ Bxf6 19. exf6 Nc7 20. Qe3 Ne8 21.
Qg5 Kh8 22. Bb4 Rg8 23. Be7 Qd7 24. Qh6 Qg4 25. Ng5 1-0

[Event "2. Open Fincas Mediterranea"]
[Site "Castelldefels ESP"]
[Date "2005.08.19"]
[Round "3.17"]
[White "Peralta, Fernando"]
[Black "Festa, Giovanni"]
[Result "1-0"]
[WhiteElo "2553"]
[BlackElo "1975"]
[PlyCount "43"]
[EventDate "2005.08.17"]
[EventType "swiss"]
[EventRounds "9"]
[EventCountry "ESP"]
[Source "lmi"]
[SourceDate "2005.08.25"]

1. Nf3 d5 2. d4 Nf6 3. c4 c5 4. e3 Nc6 5. cxd5 Qxd5 6. Nc3 Qd8 7. d5 Nb4 8. e4
g6 9. a3 Na6 10. e5 Ng4 11. e6 fxe6 12. Qa4+ Bd7 13. Qxg4 exd5 14. Bb5 Nc7 15.
Bxd7+ Qxd7 16. Qxd7+ Kxd7 17. Bf4 Bg7 18. Bxc7 Bxc3+ 19. bxc3 Kxc7 20. O-O-O
Rad8 21. Rhe1 Kd6 22. Ng5 1-0

[Event "2. Open Fincas Mediterranea"]
[Site "Castelldefels ESP"]
[Date "2005.08.19"]
[Round "3.18"]
[White "Bonnez, Finn"]
[Black "Iglesias, Jorge"]
[Result "0-1"]
[WhiteElo "2057"]
[BlackElo "2355"]
[PlyCount "112"]
[EventDate "2005.08.17"]
[EventType "swiss"]
[EventRounds "9"]
[EventCountry "ESP"]
[Source "lmi"]
[SourceDate "2005.08.25"]

1. d4 Nf6 2. Nf3 g6 3. e3 Bg7 4. Bd3 O-O 5. O-O d5 6. Nbd2 Bf5 7. Qe2 c6 8. c3
Nbd7 9. e4 dxe4 10. Nxe4 Nxe4 11. Bxe4 Bxe4 12. Qxe4 e6 13. Bg5 Qa5 14. Rfe1
Rfe8 15. Bf4 Qd5 16. Qxd5 cxd5 17. Re2 Rec8 18. a3 b5 19. Kf1 a5 20. Ke1 Nb6
21. Be5 Bf8 22. Kd1 Nc4 23. a4 b4 24. cxb4 Bxb4 25. b3 Nxe5 26. dxe5 d4 27. Rc2
Bc3 28. Rac1 Rcb8 29. Nd2 Rb4 30. Ne4 Rxb3 31. Nxc3 dxc3 32. Rxc3 Rb4 33. Rc4
Rd8+ 34. Ke2 Rd4 35. Rxd4 Rxd4 36. Rc5 Rxa4 37. Kf3 g5 38. g3 Kg7 39. h3 h5 40.
g4 Rf4+ 41. Kg3 h4+ 42. Kg2 a4 43. Ra5 Kf8 44. Ra7 Ke8 45. Kf1 Kd8 46. Ke2 Kc8
47. Ke3 Kb8 48. Ra6 Kb7 49. Ra5 Kb6 50. Ra8 Kb5 51. Ra7 Kb4 52. Rb7+ Kc3 53.
Rc7+ Kb3 54. Rb7+ Rb4 55. Rxf7 a3 56. Ra7 a2 0-1

[Event "2. Open Fincas Mediterranea"]
[Site "Castelldefels ESP"]
[Date "2005.08.19"]
[Round "3.19"]
[White "Sprenger, Wendelin"]
[Black "Sanz Bastos, Fernando"]
[Result "1-0"]
[WhiteElo "2174"]
[BlackElo "2043"]
[PlyCount "147"]
[EventDate "2005.08.17"]
[EventType "swiss"]
[EventRounds "9"]
[EventCountry "ESP"]
[Source "lmi"]
[SourceDate "2005.08.25"]

1. e4 e5 2. Nf3 Nc6 3. Bb5 a6 4. Ba4 d6 5. O-O Bd7 6. Re1 Nge7 7. Nc3 Ng6 8. d4
b5 9. Bb3 Nxd4 10. Nxd4 exd4 11. Nb1 Be7 12. c3 dxc3 13. Nxc3 O-O 14. Bd2 Be6
15. Bd5 Rc8 16. Bb7 Rb8 17. Bxa6 c6 18. a4 bxa4 19. Nxa4 Bb3 20. Qc1 Bf6 21.
Qxc6 Bxa4 22. Rxa4 Rxb2 23. Bb4 Be5 24. Ba3 Bxh2+ 25. Kf1 Rb6 26. Qd5 Qf6 27.
Qf5 Qc3 28. Rc1 Qb3 29. Qa5 Bf4 30. Bc4 Bd2 31. Bxb3 Bxa5 32. Bxf7+ Rxf7 33.
Rxa5 Rd7 34. Rd1 Kf7 35. e5 d5 36. Bd6 Ke6 37. Raxd5 Rb1 38. Rxb1 Kxd5 39. Rb5+
Ke6 40. Ke2 Nf4+ 41. Kf3 Rf7 42. Bb8 Nd5+ 43. Kg3 g5 44. Ra5 Rb7 45. Ra6+ Kf5
46. Bd6 Rb3+ 47. Kh2 h5 48. Ra8 h4 49. Rf8+ Ke6 50. Re8+ Kd7 51. Rg8 Rb2 52. f3
h3 53. Kxh3 Nf4+ 54. Kg4 Nd5 55. g3 Rf2 56. Rxg5 Ne3+ 57. Kf4 Ng2+ 58. Ke4 Re2+
59. Kf5 Ne3+ 60. Kf6 Rf2 61. f4 Nd5+ 62. Kf5 Ne3+ 63. Ke4 Re2 64. Rg7+ Kc6 65.
Kf3 Re1 66. Bb4 Rb1 67. Kxe3 Rxb4 68. Kf3 Rb3+ 69. Kg4 Rb4 70. Kf5 Rb8 71. g4
Rf8+ 72. Ke4 Kc5 73. Rc7+ Kb6 74. Rc1 1-0

[Event "2. Open Fincas Mediterranea"]
[Site "Castelldefels ESP"]
[Date "2005.08.20"]
[Round "4.3"]
[White "Marin, Mihail"]
[Black "Halay, Taufik"]
[Result "1/2-1/2"]
[WhiteElo "2537"]
[BlackElo "2320"]
[PlyCount "92"]
[EventDate "2005.08.17"]
[EventType "swiss"]
[EventRounds "9"]
[EventCountry "ESP"]
[Source "lmi"]
[SourceDate "2005.08.25"]

1. c4 c5 2. Nf3 Nc6 3. d4 cxd4 4. Nxd4 g6 5. e4 Bg7 6. Be3 Nf6 7. Nc3 O-O 8.
Be2 Nxd4 9. Bxd4 d6 10. O-O Be6 11. f4 Qa5 12. Rc1 a6 13. Qd3 Rab8 14. b4 Qd8
15. Qe3 b5 16. cxb5 axb5 17. Nxb5 Bxa2 18. Na7 Qd7 19. Nc6 Rb7 20. Bf3 Be6 21.
f5 Ba2 22. Rf2 e5 23. Ba1 Bb1 24. Nxe5 dxe5 25. Rxb1 Re8 26. g4 Bf8 27. g5 Nh5
28. Bxh5 gxh5 29. Bc3 Rb5 30. Rbb2 Reb8 31. Rfd2 Qb7 32. Rd5 Rxd5 33. exd5 Bd6
34. g6 hxg6 35. fxg6 fxg6 36. Qh6 Qb6+ 37. Kg2 Bf8 38. Qg5 Qd6 39. Qxe5 Qxe5
40. Bxe5 Rxb4 41. Rd2 Bg7 42. Bc7 Rb2 43. Rxb2 Bxb2 44. d6 Be5 45. Bb8 Bf6 46.
Bc7 Be5 1/2-1/2

[Event "2. Open Fincas Mediterranea"]
[Site "Castelldefels ESP"]
[Date "2005.08.20"]
[Round "4.4"]
[White "Rios, Alejandro"]
[Black "Megaranto, Susanto"]
[Result "0-1"]
[WhiteElo "2282"]
[BlackElo "2499"]
[PlyCount "121"]
[EventDate "2005.08.17"]
[EventType "swiss"]
[EventRounds "9"]
[EventCountry "ESP"]
[Source "lmi"]
[SourceDate "2005.08.25"]

1. e4 e6 2. d4 d5 3. Nd2 Nf6 4. e5 Nfd7 5. Bd3 c5 6. c3 Nc6 7. Ne2 cxd4 8. cxd4
f6 9. exf6 Nxf6 10. Nf3 Bd6 11. O-O Qc7 12. Bg5 O-O 13. Rc1 Bd7 14. Bh4 Be8 15.
Bg3 Bh5 16. Ne5 Bxe5 17. dxe5 Nd7 18. Qc2 Bxe2 19. Qxe2 Rf7 20. Qh5 Nf8 21. Kh1
Qa5 22. Bb1 Qd2 23. b3 a5 24. f4 g6 25. Qg4 Qb4 26. h3 a4 27. Bh4 axb3 28. axb3
Qxb3 29. Bf6 Nd4 30. h4 Nf5 31. Bxf5 exf5 32. Qg5 d4 33. h5 d3 34. Qh6 d2 35.
Rcd1 Qd3 36. hxg6 Nxg6 37. Qg5 Rd7 38. e6 Rc7 39. Kh2 Qe2 40. Qxf5 Rf8 41. Qd5
Rxf6 42. Qd8+ Nf8 43. Qxf6 Rg7 44. Qxg7+ Kxg7 45. e7 Qxe7 46. Rxd2 Nd7 47. Rb2
Nc5 48. g3 Qe3 49. Rfb1 Kg6 50. Kh3 Qe6+ 51. Kh4 Qf6+ 52. Kh3 Qf5+ 53. Kg2 Qd5+
54. Kh3 Qe6+ 55. Kh4 Kf5 56. Rb6 Qe2 57. Kh3 Qh5+ 58. Kg2 Kg4 59. Kf2 Qd5 60.
R1b5 Qd2+ 61. Kg1 0-1

[Event "2. Open Fincas Mediterranea"]
[Site "Castelldefels ESP"]
[Date "2005.08.20"]
[Round "4.5"]
[White "Sulava, Nenad"]
[Black "Lerch Gallemi, Jose Maria"]
[Result "0-1"]
[WhiteElo "2485"]
[BlackElo "2267"]
[PlyCount "102"]
[EventDate "2005.08.17"]
[EventType "swiss"]
[EventRounds "9"]
[EventCountry "ESP"]
[Source "lmi"]
[SourceDate "2005.08.25"]

1. d4 Nf6 2. Nf3 e6 3. e3 c5 4. Bd3 d6 5. c4 Nc6 6. Nc3 g6 7. O-O Bg7 8. d5 Ne7
9. e4 e5 10. b4 b6 11. bxc5 bxc5 12. Qa4+ Kf8 13. Rb1 Nh5 14. g3 h6 15. Bd2 Kg8
16. Rb2 f5 17. Rfb1 Nf6 18. Qc2 Qd7 19. Qd1 Kh7 20. Bc2 f4 21. gxf4 Qh3 22. Kh1
Ng4 23. Qe2 exf4 24. Rg1 Bd4 25. Rg2 Ne5 26. Nxe5 Bxe5 27. f3 g5 28. Rb1 g4 29.
Rf1 g3 30. Nb5 Ng6 31. Nxd6 Rf8 32. Nf5 Nh4 33. Rfg1 Nxg2 34. Rxg2 Bd7 35. Qd3
Rg8 36. Bc3 Rae8 37. Bxe5 Rxe5 38. Qc3 Rge8 39. Nd6 R8e7 40. Nf7 Qh5 41. Nxe5
Rxe5 42. Bd1 Bh3 43. Rb2 Bf1 44. Qa5 g2+ 45. Rxg2 Bxg2+ 46. Kxg2 Rg5+ 47. Kf1
Qxh2 48. Qxa7+ Rg7 49. Qxc5 Qh1+ 50. Ke2 Rg2+ 51. Kd3 Qxd1+ 0-1